[Event "XVII Orsha-2019 Open"]
[Site "Orsha"]
[Date "2019.01.24"]
[Round "9.3"]
[White "Krylov, Ivan"]
[Black "Grishchenko, Sergey"]
[Result "1/2-1/2"]
[WhiteElo "2441"]
[BlackElo "2409"]
[Annotator "TA"]
[PlyCount "125"]
[EventDate "2019.01.18"]
[EventType "swiss"]
[EventCountry "BLR"]
[SourceTitle "playchess.com"]
[Source "ChessBase"]
[SourceQuality "1"]

{[%evp 23,125,20,19,19,46,47,56,36,38,3,15,26,27,18,18,18,18,18,19,19,19,28,16,9,27,14,14,10,12,7,89,18,45,16,70,70,70,70,70,70,70,70,70,70,70,70,70,70,70,70,70,61,74,74,89,89,89,74,89,74,89,89,89,89,89,89,89,89,89,89,89,89,89,89,89,89,89,89,89,89,89,89,89,89,89,89,89,89,89,89,89,0,89,89,89,89,89,89,89,0,0,0,0,0]} 1. d4 d5 2. c4 e6 3. Nf3 c5 4. cxd5 exd5 5. g3 Nc6 6. Bg2 Nf6 7. O-O Be7 8. Nc3 {[%cal Bb1c3,Bc3a4,Ba4c5][%mdl 32]} O-O 9. b3 Ne4 10. Bb2 Bf6 11. Na4 cxd4 12. Nxd4 Bd7 13. Rc1 {D34: Tarrasch Defence: 6 g3 Nf6 7 Bg2 Be7} Rc8 14. Nc5 Re8 15. e3 {White is slightly better.} (15. Nxe4 dxe4 16. Nxc6 Bxc6 17. Qxd8 Bxd8 18. Rfd1 Bb6 19. Bd4 Red8 20. Bxb6 axb6 21. Kf1 {1-0 (56) Carlstedt,J (2379)-Cmilyte,V (2527) Copenhagen 2010}) 15... Nxd4 16. Bxd4 Bb5 17. Re1 Nxc5 $146 ({Predecessor:} 17... Bc6 18. Qd3 b6 19. Na6 Be7 20. a4 Qd7 {0-1 (42) Fuglsang,F (2205)-Carlsson,G Copenhagen 1980}) 18. Bxc5 b6 19. Bd4 {With the idea Rxc8.} Rxc1 20. Qxc1 Bxd4 21. exd4 Rxe1+ 22. Qxe1 Qd6 23. h4 f6 24. Qc3 Bd7 25. Bf3 Bf5 26. b4 Bd7 {[#]} (26... Qd7 $11 {remains equal.}) 27. Kg2 (27. Qb3 $1 $16) 27... Kf7 28. Qd3 (28. Qa3 $5 {[%cal Ra3a7]}) 28... g6 ({Better is} 28... h6 $11) 29. Qa6 $14 Qxb4 30. Qxa7 Ke7 31. Bxd5 Qxd4 32. Bc6 $1 Qd6 33. Bxd7 $1 Qxd7 34. Qxb6 {[%mdl 4096] Endgame KQ-KQ} Qd5+ 35. Kg1 Qxa2 36. Qc7+ Ke6 37. Qxh7 {[#] White wants to mate with Qg8+.} Qa1+ 38. Kg2 Qa8+ 39. Kh2 Qf3 40. Qa7 {And now Qe3+ would win.} ({Of course not} 40. Qxg6 $6 Qxf2+ 41. Kh1 Qf1+ 42. Kh2 Qf2+ 43. Kh3 Qf1+ 44. Kh2 Qf2+ $11) 40... Qd1 41. Qb7 Qf1 42. Qb6+ (42. Qc8+ {feels hotter.} Kf7 43. Qd7+ Kf8 44. Qd8+ Kf7 45. Qd5+) 42... Ke7 43. g4 Kf7 44. Qd4 Qb5 45. Kg3 Qb3+ 46. Qe3 Qb8+ 47. Kh3 Qb1 48. Qf3 Kg7 49. Kg2 Qb5 50. Qe4 {Strongly threatening Qe7+.} Kf7 51. Qf4 Kg7 52. g5 fxg5 53. hxg5 {Threatens to win with Qf6+.} Qd3 54. Qe3 Qb1 55. Kg3 Kf7 56. Kf3 Qf5+ 57. Kg3 Qb1 $1 58. f4 Qc2 59. Kf3 Qb1 60. Qc3 Qh1+ 61. Ke3 (61. Kg4 $16 Qg1+ 62. Qg3 Qd1+ 63. Kh3) 61... Qh3+ $11 62. Kd4 Qd7+ 63. Ke3 {Accuracy: White = 78%, Black = 55%.} 1/2-1/2

[Event "XVII Orsha-2019 Open"]
[Site "Orsha"]
[Date "2019.01.24"]
[Round "9.4"]
[White "Zarubitski, Viachaslau"]
[Black "Cherepov, Alexej"]
[Result "1-0"]
[WhiteElo "2415"]
[BlackElo "2226"]
[Annotator "TA"]
[PlyCount "109"]
[EventDate "2019.01.18"]
[EventType "swiss"]
[EventCountry "BLR"]
[SourceTitle "playchess.com"]
[Source "ChessBase"]
[SourceQuality "1"]

{[%evp 20,109,22,31,28,20,56,9,77,68,70,77,60,66,66,54,60,13,13,0,0,-27,0,0,0,0,0,0,0,-16,-16,-39,-35,-101,100,0,70,0,75,0,75,0,0,0,0,0,0,0,0,-16,-20,-50,0,0,0,0,0,0,0,0,0,0,0,0,0,0,0,0,0,0,108,163,139,102,81,46,254,272,312,295,289,276,583,545,560,550,502,491,1408,987,29989,29986]} 1. e4 {Bulletin} e5 2. Nf3 Nc6 3. Nc3 g6 4. d4 exd4 5. Nxd4 Bg7 6. Be3 d6 7. Qd2 Nf6 8. f3 O-O 9. O-O-O Re8 10. Nxc6 bxc6 11. Bc4 Be6 {C41: Philidor Defence} 12. Bb3 (12. Bxe6 fxe6 13. h4 Rb8 14. Bh6 Bh8 15. h5 Nxh5 16. g4 Nf6 17. Bg5 Qc8 18. e5 Nd5 19. Nxd5 exd5 {0-1 (29) Rouzaud,P (2279)-Prinz,B (2192) France 2004}) 12... Nd7 $146 ({Predecessor:} 12... Bxb3 13. cxb3 Qc8 14. Bh6 Bh8 15. h4 Qe6 16. Kb1 Rab8 17. g4 c5 18. Rc1 Rb4 19. Be3 {0-1 (28) Kraft,H-Gerstorfer,W Germany 1995 EXT 1999 [Bulletin]}) 13. Bd4 Ne5 (13... Bxd4 $11 14. Qxd4 Qg5+ 15. Qd2 Qxd2+ 16. Kxd2 Rab8) 14. f4 $16 c5 15. Bxe5 $1 dxe5 16. Qf2 Qf6 17. Bxe6 fxe6 18. Qxc5 (18. f5 $5) 18... exf4 19. Rd7 f3 20. Rf1 Rad8 21. Rxf3 (21. Rxc7 $2 Qf4+ 22. Kb1 Bd4 $19) 21... Qh4 22. Rxg7+ Kxg7 23. Qxc7+ Kg8 24. Qf7+ Kh8 {( -> ...Qe1+)} 25. b3 Qg5+ 26. Kb2 (26. Qf4 $1 $15 Qxf4+ 27. Rxf4) 26... Qxg2 $2 (26... Re7 $17 {stays on course.} 27. Qf4 Qxf4 28. Rxf4 Rd2) 27. Qf6+ Kg8 28. Qf7+ {[%mdl 1024] White has compensation.} Kh8 29. Qf6+ Kg8 30. e5 ({White should play} 30. Rf2 $16 Qh3 31. Qf7+ Kh8 32. Qxa7 (32. Qf6+ Kg8 $14)) 30... Rc8 $11 31. Qf7+ Kh8 {...Rf8 is the strong threat.} 32. Qf6+ Kg8 33. Qf7+ Kh8 {And now ...Rf8 would win.} 34. Rd3 Rf8 35. Qxe6 Rce8 36. Qd7 {Strongly threatening Rh3.} Rxe5 37. Rh3 $40 {[%csl Gh3][%cal Rd7h7][%mdl 128] White mounts an attack.} Rh5 $1 {[%cal Rh5h3]} 38. Qd6 {[%cal Rd6f8]} Rf2 39. Rxh5 gxh5 {[%mdl 4096] Endgame KQR-KQN} ({Wrong is} 39... Rxc2+ $2 40. Kb1 $18) 40. Qb8+ Qg8 41. Qxa7 Rxh2 42. a4 Qg2 43. Qb8+ Kg7 44. Qe5+ Kf7 (44... Kg6 $11 {keeps the balance.} 45. Qd6+ Kg7 46. Qd4+ Kg8) 45. Qf5+ $16 Kg7 46. Nd5 {White wants to mate with Qf6+.} Qf2 47. Qe5+ Kf7 $2 {[#]} ({Black should try} 47... Kh6 $14 48. Ne3 Kg6) 48. Qe7+ $1 $18 Kg6 {[#]} 49. Qe4+ $1 Kg5 50. a5 {[%cal Ba4a5,Ba5a6,Ba6a7][%mdl 32] aiming for a6.} ({Worse is} 50. Qxh7 Qd4+ 51. Nc3 Rh3 $11) 50... Rh4 $2 (50... Qd2 51. a6 Re2) 51. Qe7+ Kg6 {intending ...Qd4+.} 52. Qe6+ Kg5 53. Qe5+ Kg6 (53... Kh6 $142 54. Qe6+ Kg5) 54. a6 Qf7 {[#]} 55. a7 $1 {[%mdl 512] Precision: White = 52%, Black = 41%.} 1-0

[Event "XVII Orsha-2019 Open"]
[Site "Orsha"]
[Date "2019.01.24"]
[Round "9.5"]
[White "Shkalov, Oleg"]
[Black "Tihonov, Jurij"]
[Result "1/2-1/2"]
[WhiteElo "2225"]
[BlackElo "2399"]
[Annotator "NA"]
[PlyCount "64"]
[EventDate "2019.01.18"]
[EventType "swiss"]
[EventCountry "BLR"]
[SourceTitle "playchess.com"]
[Source "ChessBase"]
[SourceQuality "1"]
[TimeControl "5400+30"]

1. d4 d5 {[%emt 0:09:36]} 2. c4 {[%emt 0:00:00]} c6 {[%emt 0:00:07]} 3. Nc3 {[%emt 0:00:00]} dxc4 {[%emt 0:00:05]} 4. e3 {[%emt 0:01:35]} b5 {[%emt 0:00:09]} 5. a4 {[%emt 0:00:09]} b4 {[%emt 0:00:08]} 6. Ne4 {[%emt 0:00:16] D10: Slav Defence: 3 cxd5 (without early Nf3) and 3 Nc3} Qd5 {[%emt 0:00:16]} 7. Nd2 {[%emt 0:00:52]} c3 {[%emt 0:01:50]} 8. bxc3 {[%emt 0:00:51]} bxc3 {[%emt 0:00:07]} 9. Nb1 {[%emt 0:00:16]} e5 {[%emt 0:00:47]} (9... Qa5 10. Qc2 Na6 11. Qxc3 Qxc3+ 12. Nxc3 Nb4 13. Rb1 a5 {1-0 (79) Wojtaszek,R (2750)-Bartel,M (2604) Warsaw 2018 CBM 185 [Roiz,M]}) 10. dxe5 $146 {[%emt 0:09:24]} ({Predecessor:} 10. Nxc3 Bb4 11. Bd2 Qa5 12. Ne4 Nf6 13. Nxf6+ gxf6 {½-½ (77) Markus,R (2604)-Hracek,Z (2646) Germany 2015}) 10... Bb4 {[%emt 0:03:35]} 11. Qxd5 {[%emt 0:03:39]} cxd5 {[%emt 0:00:02]} 12. Bb5+ {[%emt 0:08:20]} Nd7 {[%emt 0:13:05]} 13. Ne2 {[%emt 0:01:38]} c2+ {[%emt 0:03:10]} 14. Nd2 {[%emt 0:00:34]} Ne7 {[%emt 0:00:06]} 15. Ba3 Bxa3 {[%emt 0:02:27]} 16. Rxa3 {[%emt 0:31:44]} O-O {[%emt 0:00:07]} 17. Nf3 {[%emt 0:12:53]} Ng6 {[%emt 0:21:35]} 18. Bxd7 {[%emt 0:01:45]} Bxd7 {[%emt 0:00:05]} 19. Kd2 {[%emt 0:00:12]} Rfc8 {[%emt 0:00:29]} 20. Ned4 {[%emt 0:04:06]} a5 {[%emt 0:06:58]} 21. Rc1 {[%emt 0:04:54]} Rc4 {[%emt 0:00:08]} 22. Rxc2 {[%emt 0:00:12]} Rxa4 {[%emt 0:00:06]} 23. Rxa4 Bxa4 {[%emt 0:00:02]} 24. Ra2 {[%emt 0:01:18]} (24. Rc7 $16) 24... Bd7 {[%emt 0:00:13]} 25. Nb3 {[%emt 0:10:40]} Bg4 $11 {[%emt 0:08:28]} 26. Rxa5 Rxa5 27. Nxa5 Bxf3 28. gxf3 Nxe5 29. f4 Nf3+ 30. Ke2 Ng1+ 31. Kf1 Nf3 32. Ke2 Ng1+ 1/2-1/2

[Event "XVII Orsha-2019 Open"]
[Site "Orsha"]
[Date "2019.01.24"]
[Round "9.6"]
[White "Galkin, Gleb"]
[Black "Vorobjov, Pavel"]
[Result "0-1"]
[WhiteElo "2156"]
[BlackElo "2296"]
[Annotator "NA"]
[PlyCount "88"]
[EventDate "2019.01.18"]
[EventType "swiss"]
[EventCountry "BLR"]
[SourceTitle "playchess.com"]
[Source "ChessBase"]
[SourceQuality "1"]
[TimeControl "5400+30"]

1. d4 d5 {[%emt 0:00:38]} 2. Nf3 {[%emt 0:00:00]} Nf6 {[%emt 0:00:19]} 3. c4 {[%emt 0:00:08]} c6 {[%emt 0:00:49]} 4. Nc3 {[%emt 0:01:20]} e6 {[%emt 0:01:08]} 5. e3 {[%emt 0:00:18]} Nbd7 {[%emt 0:00:48]} 6. Qc2 {[%emt 0:00:12]} Bd6 {[%emt 0:02:41]} 7. b3 {[%emt 0:00:38]} O-O {[%emt 0:00:30]} 8. Be2 {[%emt 0:00:12]} b6 {[%emt 0:06:29]} 9. O-O {[%emt 0:00:42]} Bb7 {[%emt 0:04:54]} 10. Bb2 {[%emt 0:01:19]} Rc8 {[%emt 0:03:04]} 11. Rad1 {[%emt 0:05:57]} c5 {[%emt 0:07:06]} 12. cxd5 {[%emt 0:07:55]} exd5 {[%emt 0:02:18]} 13. Rfe1 {[%emt 0:02:28] D45: Semi-Slav: 5 e3} Qe7 {[%emt 0:04:57]} 14. Bf1 {[%emt 0:03:09]} (14. Qf5 Qe6 15. Bd3 Rfe8 16. dxc5 bxc5 17. Ng5 Qe5 18. Nf3 Qe6 19. Ng5 Qe5 20. Nf3 Qe6 {½-½ (20) Grischuk,A (2715)-Vallejo Pons,F (2660) Heraklio 2007}) 14... Rfd8 $146 {[%emt 0:03:17]} ({Predecessor:} 14... Rfe8 15. g3 Ne4 16. Bh3 cxd4 17. exd4 Bb4 18. Re3 Rc7 19. Rc1 {0-1 (27) Hess,C (2208)-Hansen,M (2312) Germany 2015}) 15. g3 {[%emt 0:07:51]} Ne4 {[%emt 0:04:40]} 16. Qb1 {[%emt 0:06:21]} Ndf6 {[%emt 0:08:21]} 17. Bh3 {[%emt 0:13:09]} Nxc3 {[%emt 0:12:58]} 18. Bxc3 {[%emt 0:00:44]} Ne4 {[%emt 0:00:06]} 19. Bb2 {[%emt 0:05:25]} Qf6 {[%emt 0:05:35]} 20. Bg2 {[%emt 0:07:14]} c4 {[%emt 0:00:43]} 21. Re2 {[%emt 0:05:22]} (21. bxc4 $15 dxc4 22. d5) 21... c3 {[%emt 0:00:47]} 22. Bc1 {[%emt 0:05:58]} c2 {[%emt 0:06:06]} 23. Rxc2 {[%emt 0:00:04]} Nc3 {[%emt 0:00:11]} 24. Rxc3 {[%emt 0:00:10]} Rxc3 {[%emt 0:00:17]} 25. Bb2 {[%emt 0:01:12]} Rc7 {[%emt 0:00:40]} 26. Ne5 {[%emt 0:06:07]} Qe6 $17 {[%emt 0:02:28]} 27. Bf3 f6 28. Bg4 Qe8 29. Nd3 Qe4 30. Bh3 Qe8 31. Bg4 Bc8 32. Bf3 Be6 33. Ne1 Qg6 34. Qxg6 hxg6 35. Be2 g5 36. Bd3 Kf7 37. f3 g4 38. f4 g6 39. Rd2 Bb4 40. Re2 Bxe1 41. Rxe1 Bf5 42. Bxf5 gxf5 43. Re2 Rdc8 44. Ba3 Rc2 0-1

[Event "XVII Orsha-2019 Open"]
[Site "Orsha"]
[Date "2019.01.24"]
[Round "9.8"]
[White "Vashchilov, Sergey"]
[Black "Egorenkov, Igor"]
[Result "1/2-1/2"]
[WhiteElo "2134"]
[BlackElo "2213"]
[Annotator "NA"]
[PlyCount "163"]
[EventDate "2019.01.18"]
[EventType "swiss"]
[EventCountry "BLR"]
[SourceTitle "playchess.com"]
[Source "ChessBase"]
[SourceQuality "1"]
[TimeControl "5400+30"]

1. e4 c5 {[%emt 0:05:48]} 2. Nf3 {[%emt 0:00:00]} e6 {[%emt 0:00:39]} 3. b3 {[%emt 0:00:32]} d5 {[%emt 0:00:49]} 4. exd5 {[%emt 0:00:57]} exd5 {[%emt 0:00:09]} 5. Bb5+ {[%emt 0:00:16]} Bd7 {[%emt 0:02:36]} 6. Bxd7+ {[%emt 0:01:43]} Nxd7 {[%emt 0:09:27]} 7. O-O {[%emt 0:01:14]} Bd6 {[%emt 0:07:32]} 8. Bb2 {[%emt 0:06:12]} Ngf6 {[%emt 0:03:34]} 9. Re1+ {[%emt 0:00:29]} Kf8 {[%emt 0:00:06]} 10. d4 {[%emt 0:04:19]} c4 {[%emt 0:02:25]} 11. bxc4 {[%emt 0:02:30]} dxc4 {[%emt 0:01:24]} 12. a4 {[%emt 0:04:50]} Rc8 {[%emt 0:13:35]} 13. Nc3 {[%emt 0:02:28]} a6 {[%emt 0:00:30]} 14. Ne5 {[%emt 0:00:44]} Qc7 {[%emt 0:12:30]} 15. Qe2 {[%emt 0:10:22]} b6 {[%emt 0:10:13]} 16. f4 {[%emt 0:05:09]} h5 {[%emt 0:00:21]} 17. Qf3 {[%emt 0:02:02]} Rh6 {[%emt 0:04:59]} 18. Re2 {[%emt 0:03:49]} Rb8 {[%emt 0:09:56]} 19. Rae1 {[%emt 0:08:26]} Kg8 {[%emt 0:06:44]} 20. g3 {[%emt 0:09:19]} b5 {[%emt 0:05:18]} 21. axb5 {[%emt 0:00:23]} axb5 {[%emt 0:00:01]} 22. Nc6 {[%emt 0:00:35]} Rc8 {[%emt 0:00:32]} 23. Ne5 {[%emt 0:08:57]} Rb8 {[%emt 0:00:03]} 24. Bc1 $14 {[%emt 0:01:35]} b4 25. Nd5 Nxd5 26. Nxd7 Qxd7 27. Qxd5 Qb5 28. Qf3 Rf6 29. Kg2 Rf5 30. Re4 Qa4 31. Qe2 Qc6 32. d5 Rxd5 33. Qf3 b3 34. cxb3 cxb3 35. R1e2 Rc5 36. Bb2 Rc2 37. Kh3 f5 38. Re8+ Rxe8 39. Qxb3+ Kh7 40. Rxc2 Qd7 41. Rd2 Qe6 42. Qd3 Bf8 43. Be5 Re7 44. Qf3 Qg6 45. Kg2 Re6 46. Rd8 Re8 47. Rd7 Re7 48. Rd6 Re6 49. Rxe6 Qxe6 50. Qxh5+ Kg8 51. Qg5 Qa2+ 52. Kh3 Qe6 53. Qd8 Qh6+ 54. Kg2 Qc6+ 55. Kg1 Qc1+ 56. Kg2 Qc6+ 57. Kh3 Qh6+ 58. Qh4 Qxh4+ 59. Kxh4 Be7+ 60. Kh3 g5 61. fxg5 Bxg5 62. Kg2 Kh7 63. Kf3 Kg6 64. Bf4 Be7 65. h3 Bc5 66. Bc7 Ba3 67. Kf4 Bc1+ 68. Ke5 Bb2+ 69. Ke6 Bc3 70. Bf4 Be1 71. Kd5 Bf2 72. Bd6 Be1 73. Kd4 Bf2+ 74. Kd3 Be1 75. Ke2 Ba5 76. Kf2 Bb6+ 77. Kf3 Ba5 78. h4 Bd2 79. Bf4 Bb4 80. Be5 Bd2 81. Ke2 Bb4 82. Kf3 $11 1/2-1/2

[Event "XVII Orsha-2019 Open"]
[Site "Orsha"]
[Date "2019.01.24"]
[Round "9.9"]
[White "Strybuk, Artsiom I"]
[Black "Mihajlovskij, Sergei"]
[Result "1-0"]
[WhiteElo "2110"]
[BlackElo "2406"]
[Annotator "NA"]
[PlyCount "51"]
[EventDate "2019.01.18"]
[EventType "swiss"]
[EventCountry "BLR"]
[SourceTitle "playchess.com"]
[Source "ChessBase"]
[SourceQuality "1"]
[TimeControl "5400+30"]

{[%evp 16,44,18,0,20,9,16,0,8,-20,0,-7,0,-18,23,-21,-37,-26,-34,-41,-51,-54,-50,-79,-4,-5,-5,0,22,46,364]} 1. d4 Nf6 {[%emt 0:12:24]} 2. c4 {[%emt 0:00:00]} e6 {[%emt 0:00:24]} 3. Nc3 {[%emt 0:00:00]} Bb4 {[%emt 0:00:07]} 4. e3 {[%emt 0:00:00]} O-O {[%emt 0:00:25]} 5. Nge2 {[%emt 0:00:07]} Re8 {[%emt 0:01:49]} 6. a3 {[%emt 0:02:02]} Bf8 {[%emt 0:00:08]} 7. g3 {[%emt 0:11:50]} d6 {[%emt 0:10:14] E46: Nimzo-Indian: Rubinstein: 4 e3 0-0 5 Ne2 without early Bd3} (7... d5 8. cxd5 exd5 9. Bg2 a5 10. O-O Na6 11. Nf4 c6 12. f3 c5 13. Kh1 Nc7 14. g4 h6 15. Nce2 {0-1 (54) Nakamura,H (2787)-Carlsen,M (2853) chess.com INT 2016}) 8. e4 {[%emt 0:11:41]} c5 {[%emt 0:16:42]} 9. Bg2 {[%emt 0:09:43]} Nc6 {[%emt 0:08:00]} 10. O-O {[%emt 0:05:00]} a6 {[%emt 0:00:17] LiveBook: 3 Games} 11. h3 {[%emt 0:07:58]} Rb8 $146 {[%emt 0:00:32]} ({Predecessor:} 11... cxd4 12. Nxd4 Bd7 13. Be3 Rc8 14. Rc1 Na5 15. b3 {0-1 (43) Balla,T (2318)-Jianu,V (2546) Sovata 2018}) 12. Be3 {[%emt 0:01:24]} e5 {[%emt 0:08:46]} 13. dxc5 {[%emt 0:07:36]} dxc5 {[%emt 0:00:28]} 14. Nd5 {[%emt 0:01:05]} h6 {[%emt 0:03:44]} 15. Kh2 {[%emt 0:03:22]} b5 {[%emt 0:01:03]} 16. cxb5 {[%emt 0:03:34]} axb5 {[%emt 0:02:01]} 17. Rc1 {[%emt 0:05:07]} Nd4 {[%emt 0:01:02]} 18. b4 {[%emt 0:03:52]} Nxd5 {[%emt 0:04:27]} 19. exd5 {[%emt 0:00:33] [#]} cxb4 {[%emt 0:03:35]} (19... Nxe2 $1 $17 20. Qxe2 cxb4 21. axb4 Bxb4) 20. Bxd4 {[%emt 0:05:36]} exd4 {[%emt 0:04:25]} 21. axb4 {[%emt 0:00:01]} Bxb4 {[%emt 0:12:17]} 22. Nxd4 {[%emt 0:00:01]} Rb6 $18 {[%emt 0:01:58]} (22... Qd6 $11) 23. Nc6 Qd6 24. Qd4 Rxc6 25. Rxc6 Qf8 26. d6 1-0

[Event "XVII Orsha-2019 Open"]
[Site "Orsha"]
[Date "2019.01.24"]
[Round "9.10"]
[White "Navumenka, Mikhei"]
[Black "Aliakbarov, Anar"]
[Result "1/2-1/2"]
[WhiteElo "2104"]
[BlackElo "2282"]
[Annotator "NA"]
[PlyCount "91"]
[EventDate "2019.01.18"]
[EventType "swiss"]
[EventCountry "BLR"]
[SourceTitle "playchess.com"]
[Source "ChessBase"]
[SourceQuality "1"]
[TimeControl "5400+30"]

1. d4 Nf6 {[%emt 0:00:00]} 2. c4 {[%emt 0:00:00]} g6 {[%emt 0:00:00]} 3. Nc3 {[%emt 0:01:05]} Bg7 {[%emt 0:00:00]} 4. Nf3 {[%emt 0:00:50]} O-O {[%emt 0:00:01]} 5. g3 {[%emt 0:00:06]} d6 {[%emt 0:00:04]} 6. Bg2 {[%emt 0:00:26]} Nc6 {[%emt 0:00:07]} 7. O-O {[%emt 0:00:11]} Bf5 {[%emt 0:00:13]} 8. Nh4 {[%emt 0:02:05]} Bd7 {[%emt 0:00:04]} 9. e4 {[%emt 0:02:04] E62: King's Indian: Fianchetto: 6...c6 and Panno Variation (6...Nc6) without ...a6} (9. f4 Na5 10. b3 c5 11. dxc5 dxc5 12. Bd2 Bc6 13. Nd5 Nxd5 14. cxd5 Bb5 15. Rc1 Rc8 16. Bc3 Qb6 17. Bxg7 Kxg7 {1-0 (52) Gajewski,G (2628)-Fedorov,A (2598) Khanty-Mansiysk 2017 CBM 179 [Krasenkow,M]}) 9... e5 {[%emt 0:01:33]} 10. dxe5 {[%emt 0:03:03]} dxe5 {[%emt 0:01:10]} 11. Nd5 $146 {[%emt 0:03:36]} ({Predecessor:} 11. f4 Qe7 12. Nd5 Nxd5 13. cxd5 Nd4 14. Be3 c6 15. fxe5 Qxe5 16. Bf4 Qe8 {1-0 (58) Buhin,D (1978)-Dzaja,M (1953) Osijek 2015}) 11... Nd4 {[%emt 0:11:34]} 12. Be3 {[%emt 0:07:02]} c6 {[%emt 0:05:16]} 13. Nxf6+ {[%emt 0:08:28]} Bxf6 {[%emt 0:00:35]} 14. Bxd4 {[%emt 0:00:12]} exd4 {[%emt 0:00:11]} 15. Nf3 {[%emt 0:00:02]} c5 {[%emt 0:01:58]} 16. Ne1 {[%emt 0:01:36]} b5 {[%emt 0:08:28]} 17. b3 {[%emt 0:09:27]} bxc4 {[%emt 0:00:19]} 18. bxc4 {[%emt 0:00:01]} Rb8 {[%emt 0:04:40]} 19. Nd3 {[%emt 0:00:53]} Qa5 {[%emt 0:01:42]} 20. f4 {[%emt 0:05:03]} Be6 {[%emt 0:01:40]} 21. Rc1 {[%emt 0:03:18]} Qxa2 {[%emt 0:06:56]} 22. Rf2 {[%emt 0:04:14]} Qb3 {[%emt 0:06:14]} 23. Qxb3 {[%emt 0:15:19]} Rxb3 {[%emt 0:01:38]} 24. Nxc5 {[%emt 0:00:02]} Rc3 {[%emt 0:00:11]} 25. Ra1 {[%emt 0:04:38]} d3 {[%emt 0:03:04]} 26. e5 {[%emt 0:04:19]} Be7 {[%emt 0:00:32]} 27. Ne4 {[%emt 0:00:01]} Rxc4 $19 {[%emt 0:01:19]} 28. Rxa7 Bd8 29. Ra6 Rb4 30. Rd2 Rb1+ 31. Kf2 Bc4 32. Ra3 Bb6+ 33. Kf3 Re1 34. Raxd3 Bxd3 35. Nf6+ Kg7 36. Rxd3 Rd8 37. Rb3 Bg1 38. h4 h5 39. g4 hxg4+ 40. Kxg4 Re3 41. Rxe3 Bxe3 42. h5 Rd4 43. Be4 gxh5+ 44. Nxh5+ Kf8 45. Nf6 Rd2 46. Bf3 1/2-1/2

[Event "XVII Orsha-2019 Open"]
[Site "Orsha"]
[Date "2019.01.24"]
[Round "9.11"]
[White "Siniauski, Artsiom"]
[Black "Prutskov, Aleksei"]
[Result "1-0"]
[WhiteElo "2182"]
[BlackElo "1824"]
[PlyCount "83"]
[EventDate "2019.01.18"]
[EventType "swiss"]
[EventCountry "BLR"]
[TimeControl "5400+30"]

1. e4 c5 2. Nf3 d6 3. c3 Nf6 4. Be2 g6 5. O-O Bg7 6. Re1 O-O 7. Bf1 Nc6 8. d3 e5 9. Nbd2 h6 10. a4 d5 11. exd5 Nxd5 12. Nc4 Re8 13. a5 Qc7 14. Qa4 Bg4 15. Nfd2 Bd7 16. Qa3 Bf8 17. Ne3 Nf4 18. Ne4 Kg7 19. Nc4 b5 20. axb6 axb6 21. Qxa8 Rxa8 22. Rxa8 b5 23. Bxf4 exf4 24. Ncd2 Qb7 25. Rea1 f5 26. Nf6 Be6 27. c4 bxc4 28. Nxc4 Bxc4 29. dxc4 Qxb2 30. Nd5 g5 31. Bd3 Nd4 32. R8a2 Qb3 33. Ra7+ Kh8 34. Nf6 Bg7 35. Ra8+ Bf8 36. Bf1 Kg7 37. Nd5 Nc6 38. Rc8 Ne5 39. Ra7+ Kg6 40. Rxf8 Nd3 41. Rg8+ Kh5 42. Nf6+ 1-0

[Event "XVII Orsha-2019 Open"]
[Site "Orsha"]
[Date "2019.01.24"]
[Round "9.12"]
[White "Kirilin, Dmitrij"]
[Black "Papunidi, Matvey"]
[Result "1-0"]
[WhiteElo "2074"]
[BlackElo "2113"]
[PlyCount "81"]
[EventDate "2019.01.18"]
[EventType "swiss"]
[EventCountry "BLR"]
[TimeControl "5400+30"]

1. d4 d5 2. Nf3 Nf6 3. c4 e6 4. Nc3 Be7 5. Bg5 O-O 6. e3 Nbd7 7. Rc1 h6 8. Bh4 a6 9. cxd5 exd5 10. Bd3 c6 11. O-O Ne4 12. Bxe7 Qxe7 13. Na4 Re8 14. Nd2 Qb4 15. Bxe4 dxe4 16. a3 Qe7 17. Qh5 Nf6 18. Qc5 Qd8 19. Nb6 Rb8 20. Ndc4 Be6 21. Rfd1 Nd5 22. Nxd5 Bxd5 23. Nb6 Bb3 24. Rd2 Qe7 25. Qxe7 Rxe7 26. Rc3 Bd5 27. Nxd5 cxd5 28. Rc5 Rd8 29. Rdc2 f6 30. R2c3 Kf7 31. a4 Ke6 32. h4 Red7 33. Rb3 Re7 34. Kh2 Red7 35. Kg3 Kf7 36. Kf4 Rd6 37. a5 R8d7 38. g4 f5 39. gxf5 Kf6 40. Rc8 Rf7 41. Rb8 1-0

[Event "XVII Orsha-2019 Open"]
[Site "Orsha"]
[Date "2019.01.24"]
[Round "9.13"]
[White "Spizharny, Mikhail"]
[Black "Budnikov, Sergei"]
[Result "0-1"]
[WhiteElo "1923"]
[BlackElo "2152"]
[PlyCount "134"]
[EventDate "2019.01.18"]
[EventType "swiss"]
[EventCountry "BLR"]
[TimeControl "5400+30"]

1. e4 c6 2. d4 d5 3. e5 Bf5 4. h4 h6 5. g4 Bd7 6. h5 e6 7. f4 c5 8. c3 Nc6 9. Nf3 cxd4 10. cxd4 Bb4+ 11. Kf2 Nge7 12. Kg3 O-O 13. Be3 f6 14. Bd3 Qc7 15. Rh2 Ba5 16. Na3 Rac8 17. Rc1 Qb8 18. Nc2 Bc7 19. Rf2 b5 20. Na1 Na5 21. Bb1 Nc4 22. Qd3 f5 23. g5 Bb6 24. Nb3 a5 25. Nc5 Bxc5 26. dxc5 Nxe3 27. Qxe3 Nc6 28. Nd4 Nxd4 29. Qxd4 Bc6 30. Bd3 Qb7 31. g6 b4 32. Rfc2 b3 33. Rc3 bxa2 34. Ra3 Rb8 35. Rxa2 a4 36. Bc2 Qb4 37. Qxb4 Rxb4 38. Rca1 Ra8 39. b3 Ra5 40. bxa4 Rxc5 41. Bd3 Rc3 42. Ra3 Rbb3 43. Rxb3 Rxb3 44. Rd1 Bxa4 45. Kh4 Kf8 46. Ra1 Rb4 47. Kg3 Ke7 48. Kf3 d4 49. Rc1 Kd7 50. Ke2 Rb2+ 51. Kf3 Bc6+ 52. Kg3 Rb3 53. Ra1 Rxd3+ 54. Kh2 Kc7 55. Ra7+ Bb7 56. Ra4 Rd2+ 57. Kg3 d3 58. Rc4+ Bc6 59. Rd4 Rg2+ 60. Kh3 d2 61. Rd3 Rf2 62. Kh4 Bf3 63. Rxf3 d1=Q 64. Rc3+ Kb6 65. Rb3+ Ka5 66. Ra3+ Kb4 67. Rd3 Qg4# 0-1

[Event "XVII Orsha-2019 Open"]
[Site "Orsha"]
[Date "2019.01.24"]
[Round "9.14"]
[White "Kuleshov, Konstantin"]
[Black "Runets, Ivan"]
[Result "0-1"]
[WhiteElo "2098"]
[BlackElo "2118"]
[PlyCount "80"]
[EventDate "2019.01.18"]
[EventType "swiss"]
[EventCountry "BLR"]
[TimeControl "5400+30"]

1. d4 Nf6 2. c4 e6 3. g3 d5 4. Nf3 Be7 5. Bg2 O-O 6. Nbd2 b6 7. O-O Bb7 8. b3 dxc4 9. Nxc4 Nbd7 10. Bb2 c5 11. Rc1 Bd5 12. Re1 Rc8 13. Qd3 cxd4 14. Qxd4 Bc5 15. Qf4 Ne4 16. e3 f5 17. h4 h6 18. Nfe5 Ndf6 19. Ng6 Rf7 20. Nce5 Rfc7 21. g4 fxg4 22. Nxg4 Bd6 23. Nxf6+ Nxf6 24. Rxc7 Qxc7 25. Qd4 Qf7 26. Nf4 Bxf4 27. Qxf4 Bxg2 28. Kxg2 Qg6+ 29. Qg3 Qe4+ 30. Kg1 Nh5 31. Qg2 Qxh4 32. Qg6 Rc5 33. Qxe6+ Kh7 34. Kf1 Ng3+ 35. fxg3 Qh1+ 36. Ke2 Qg2+ 37. Kd3 Qc2+ 38. Kd4 Qxb2+ 39. Ke4 Qg2+ 40. Kd4 Qd2+ 0-1

[Event "XVII Orsha-2019 Open"]
[Site "Orsha"]
[Date "2019.01.24"]
[Round "9.15"]
[White "Silich, Yahor"]
[Black "Parshin, Maxim"]
[Result "1-0"]
[WhiteElo "2116"]
[BlackElo "1956"]
[PlyCount "61"]
[EventDate "2019.01.18"]
[EventType "swiss"]
[EventCountry "BLR"]
[TimeControl "5400+30"]

1. e4 c5 2. Nf3 e6 3. Nc3 Nc6 4. Bb5 g6 5. Bxc6 dxc6 6. O-O Bg7 7. e5 f5 8. exf6 Nxf6 9. d3 O-O 10. Bg5 b6 11. Qd2 Qc7 12. Bf4 Qe7 13. Rfe1 Nd5 14. Bg3 Nxc3 15. bxc3 Rf5 16. Re4 Bb7 17. Rae1 Re8 18. Be5 Bxe5 19. Nxe5 c4 20. Nxc4 c5 21. Re5 Rxe5 22. Nxe5 Qf6 23. Qe3 Re7 24. f3 Bd5 25. c4 Bb7 26. Qh6 Qf8 27. Qg5 Kg7 28. Ng4 Qf7 29. Qe5+ Kf8 30. Nh6 Qg7 31. Qf4+ 1-0